000 02119nab a2200241 a 4500
005 20210223133355.0
008 991125s1985 mx 000 0 spa u
035 _aUPN01000219851
049 _aART
100 1 _aFumero, Antonio
_937006
222 0 _aREVISTA DE ESTUDIOS DE JUVENTUD
245 0 0 _aJóveneZ
260 _aMadrid, España
300 _a11-27
362 0 _a2016 Número 114, diciembre
520 3 _aExiste un interés creciente por caracterizar las sucesivas oleadas sociodemográficas que han crecido con Internet y las ‘infotecnologías’ asociadas en pleno crecimiento, ganando madurez y “cotidianeidad”. Hoy, habiendo tocado techo el inflacionario interés por los ‘Millennials’ o Generación Y, empieza a resultar relevante el interés que ha despertado, sobre todo entre los especialistas en marketing, la que debería ser la siguiente cohorte de individuos, la Generación Z o ‘Centennials’. Si analizamos la aproximación que se ha realizado desde la investigación sociológica a la compleja tarea de caracterizar a esa nueva generación, encontraremos esfuerzos, en general, bastante poco rigurosos y orientados a satisfacer el interés de los mercados por nuevos consumidores. Si optamos, sin embargo, por una aproximación sociotécnica, manteniendo la coherencia de ciertos indicadores socioeconómicos, podemos incorporar de manera natural la pluralidad de los marcos de socialización de aquellos individuos, mostrando la consistencia de una aproximación más amplia a las “Tecnologías para la Vida Cotidiana” y el natural proceso de innovación social que debe acompañarlas. Esta es la esencia de los resultados cualitativos de mi análisis, que se presentan como simple base para la discusión en la caracterización genérica y específica de esa hipotética Generación Z que conforman nuestros ‘jóveneZ
653 0 _aGENERACION Z
653 0 _aNATIVOS DIGITALES
653 0 _aINFOTECNOLOGIAS
653 0 _aSMARTPHONES
856 4 _uhttp://www.injuve.es/sites/default/files/2017/28/publicaciones/documentos_1._jovenesz.pdf
905 _aArticulo
999 _c191950
_d191950